000 00706nam a2200241Ia 4500
003 OSt
005 20220923223043.0
006 a|||||r|||| 00| 0
007 ta
008 220922b |||||||| |||| 00| 0 hin d
024 _a210,143
037 _cTextual
040 _aARTS
_cARTS
_bhin
041 _2hin
_ahin
082 _aO152,3N31x, M5-;1
100 _aवर्मा, श्रीकांत
245 0 _aठण्ड
246 _aṬhaṇḍa
260 _aनई दिल्ली
_b वाणी प्रका0
_c1985
300 _a132पृ.
_ccm.
942 _hO152,3N31x, M5-;1
_cTEXL
_2CC
999 _c360692
_d360692